| 000 | 00464nam a2200181Ia 4500 | ||
|---|---|---|---|
| 008 | 180424s9999 xx 000 0 und d | ||
| 020 | _a135867282 | ||
| 084 | _a510.78 G31 | ||
| 100 | _a"Gibson, Glenn A" | ||
| 245 | 0 | _aMicrocomputers for Engineers and Scientists | |
| 250 | _a\\198702ENGGPSX | ||
| 260 | _aPrentice Hall | ||
| 260 | _b1987 | ||
| 260 | _cEnglewood Cliffs | ||
| 300 | _axiv+482p | ||
| 500 | _aincludes index and biblioraphy | ||
| 942 | _cBK | ||
| 999 |
_c51403 _d51403 |
||